Contemporary business statistics / (Record no. 276606)
[ view plain ]
| 000 -LEADER | |
|---|---|
| fixed length control field | 00415nam a2200145 a 4500 |
| 005 - DATE AND TIME OF LATEST TRANSACTION | |
| control field | 20141022142008.0 |
| 008 - FIXED-LENGTH DATA ELEMENTS--GENERAL INFORMATION | |
| fixed length control field | 120228s19uu xx 00 eng d |
| 050 ## - LIBRARY OF CONGRESS CALL NUMBER | |
| Classification number | CD-ROM |
| Item number | W67 2009 |
| 100 ## - MAIN ENTRY--PERSONAL NAME | |
| Personal name | Williams, Thomas A. |
| 245 ## - TITLE STATEMENT | |
| Title | Contemporary business statistics / |
| Statement of responsibility, etc | Thomas Williams, Dennis Sweeney, David Anderson. |
| 260 ## - PUBLICATION, DISTRIBUTION, ETC. (IMPRINT) | |
| Date of publication, distribution, etc | 2009. |
| 700 ## - ADDED ENTRY--PERSONAL NAME | |
| Personal name | Sweeney, Dennis |
| 700 ## - ADDED ENTRY--PERSONAL NAME | |
| Personal name | Anderson, David |
| 942 ## - ADDED ENTRY ELEMENTS (KOHA) | |
| Koha item type | Audio Visual Materials |
| Withdrawn status | Lost status | Damaged status | Home library | Current library | Shelving location | Date acquired | Total Checkouts | Full call number | Barcode | Date last seen | Date checked out | Price effective from | Koha item type |
|---|---|---|---|---|---|---|---|---|---|---|---|---|---|
| College Library | College Library | Audio Visual Material Section | 02/28/2012 | 1 | CD-ROM W67 2009 | BSBA0016 | 05/10/2016 | 05/04/2016 | 04/12/2014 | Audio Visual Materials |